000 00370nam a2200157Ia 4500
008 230917s9999||||xx |||||||||||||| ||und||
040 _e29755
_aMAIN
041 _aEnglish
082 _a152 C197P
100 _aCarlson, Neil R
245 0 _aPhysiology of behaviaor
250 _a5th ed.
260 _aBoston
_bAllyn and Bacon
_c1994
300 _a704 p.
942 _cBK
999 _c92648
_d92648